Avez vous de la chance ? - Mort subite - Statistiques

Statistiques générales
  • Ce quiz a été pris 457 fois
  • Le résultat moyen est 2 sur 16
Answers on the Grid
Answers color-coded by a green-red scale on the quiz's grid according to % correct below.
X
X
X
X
X
X
X
X
X
X
X
X
X
X
X
X
X
X
X
X
X
X
X
X
X
X
X
X
X
X
X
X
 
Statistiques - réponses
Réponse % Correct
X
25%
X
23%
X
21%
X
17%
X
15%
X
15%
X
12%
X
11%
X
10%
X
9%
X
8%
X
7%
X
7%
X
7%
X
3%
X
3%
Aucun quiz correspondant
Distribution des résultats
% des personnes avec chaque résultat
Percentile par nombre de réponses
Votre historique - résultats
Vous n’avez pas pris ce quiz